The role of research experiences in developing pre-service teachers’ epistemic beliefs (Record no. 194324)
[ view plain ]
| 000 -LEADER | |
|---|---|
| fixed length control field | 01453nam a22001937a 4500 |
| 005 - DATE AND TIME OF LATEST TRANSACTION | |
| control field | 20250117103320.0 |
| 008 - FIXED-LENGTH DATA ELEMENTS--GENERAL INFORMATION | |
| fixed length control field | 250117b |||||||| |||| 00| 0 eng d |
| 040 ## - CATALOGING SOURCE | |
| Transcribing agency | LDD |
| 100 ## - MAIN ENTRY--PERSONAL NAME | |
| Personal name | Guilfoyle, Liam |
| 245 ## - TITLE STATEMENT | |
| Title | The role of research experiences in developing pre-service teachers’ epistemic beliefs |
| 260 ## - PUBLICATION, DISTRIBUTION, ETC. | |
| Place of publication, distribution, etc. | Elsevier, 2024 |
| 300 ## - PHYSICAL DESCRIPTION | |
| Other physical details | p. 1-12 |
| 490 ## - Journal | |
| Journal | An International Journal Of Research And Studies |
| Volume/sequential designation | Vol. 144 |
| 500 ## - GENERAL NOTE | |
| General note | Persistent concerns about the theory-practice gap and desires for an ‘evidence-informed’ teaching profession have prompted research into how teachers' epistemic beliefs influence their acceptance or rejection of educational research. This study analyses longitudinal interview data from six pre-service teachers (PSTs) to explore how experiences of conducting research (in the domains of science or education) during initial teacher education (ITE) contribute to epistemological development. These research experiences provided opportunities for ad-hoc epistemological development, even in the absence of intentional efforts. Epistemic beliefs sometimes appeared to be supplanted, counterproductively, from science to education. The implications for teacher education and research are discussed. |
| 650 ## - SUBJECT ADDED ENTRY--TOPICAL TERM | |
| Topical term or geographic name entry element | Research Experiences |
| 700 ## - ADDED ENTRY--PERSONAL NAME | |
| Personal name | McCormack, O. |
| 856 ## - ELECTRONIC LOCATION AND ACCESS | |
| Link text | click here to access online |
| Uniform Resource Identifier | <a href="https://www.sciencedirect.com/science/article/pii/S0742051X24001318">https://www.sciencedirect.com/science/article/pii/S0742051X24001318</a> |
| 942 ## - ADDED ENTRY ELEMENTS (KOHA) | |
| Source of classification or shelving scheme | Dewey Decimal Classification |
| Koha item type | Article |
| Date last seen | Total checkouts | Price effective from | Koha item type | Lost status | Source of classification or shelving scheme | Damaged status | Not for loan | Withdrawn status | Home library | Current library | Date acquired |
|---|---|---|---|---|---|---|---|---|---|---|---|
| 01/17/2025 | 01/17/2025 | Article | Dewey Decimal Classification | Library and Documentation Division NCERT | Library and Documentation Division NCERT | 01/17/2025 |





